Govt. of
Madhya Pradesh

The Essential Writings Of Sri Aurobindo (Record no. 13755)

MARC details
000 -LEADER
fixed length control field 004920000a22001930004500
001 - CONTROL NUMBER
control field 001839
003 - CONTROL NUMBER IDENTIFIER
control field MACL
005 - DATE AND TIME OF LATEST TRANSACTION
control field 20150908120323.0
008 - FIXED-LENGTH DATA ELEMENTS--GENERAL INFORMATION
fixed length control field 150908b xxu||||| |||| 00| 0 eng d
040 ## - CATALOGING SOURCE
Original cataloging agency MACL
Transcribing agency MACL
041 ## - LANGUAGE CODE
Language code of text/sound track or separate title English
082 ## - DEWEY DECIMAL CLASSIFICATION NUMBER
Classification number 820/HEE
100 ## - MAIN ENTRY--PERSONAL NAME
Personal name Heehs, Peter
9 (RLIN) 4099
245 ## - TITLE STATEMENT
Title The Essential Writings Of Sri Aurobindo
Statement of responsibility, etc. Peter Heehs
260 ## - PUBLICATION, DISTRIBUTION, ETC. (IMPRINT)
Place of publication, distribution, etc. New Delhi
Date of publication, distribution, etc. 1998
Name of publisher, distributor, etc. Oxford University Press,
350 ## - PRICE (NR) (BK AM CF MU VM SE) [OBSOLETE]
Price 595
650 ## - SUBJECT ADDED ENTRY--TOPICAL TERM
Topical term or geographic name as entry element Literature
9 (RLIN) 9160
942 ## - ADDED ENTRY ELEMENTS (KOHA)
Call number prefix 820
Koha item type Books
Source of classification or shelving scheme
Holdings
Withdrawn status Lost status Source of classification or shelving scheme Damaged status Not for loan Home library Current library Date acquired Cost, normal purchase price Total Checkouts Full call number Barcode Date last seen Date last checked out Uniform Resource Identifier Price effective from Koha item type
          MACL MACL 15/04/2015 595.00 1 820/HEE CRE010836 02/05/2024 30/07/2016 13634 15/04/2015 Books